Library Banner

Electronic devices and circuit theory [+CD] (Record no. 23242)

MARC details
000 -LEADER
fixed length control field 00580nam a2200205Ia 4500
001 - CONTROL NUMBER
control field 23001
008 - FIXED-LENGTH DATA ELEMENTS--GENERAL INFORMATION
fixed length control field 140410s9999 xx 000 0 und d
020 ## - INTERNATIONAL STANDARD BOOK NUMBER
International Standard Book Number 0-13-028483-1
040 ## - CATALOGING SOURCE
Transcribing agency PK-LaUMT
082 ## - DEWEY DECIMAL CLASSIFICATION NUMBER
Classification number 621.3815
Item number BOY-E
100 ## - MAIN ENTRY--PERSONAL NAME
Personal name Boylestad, Robert L.
245 ## - TITLE STATEMENT
Title Electronic devices and circuit theory [+CD]
Statement of responsibility, etc Boylestad, Robert L.<>Nashelsky, Louis
250 ## - EDITION STATEMENT
Edition statement 8th
260 ## - PUBLICATION, DISTRIBUTION, ETC. (IMPRINT)
Place of publication, distribution, etc Upper Saddle River,USA:
Name of publisher, distributor, etc Prentice Hall,
Date of publication, distribution, etc 2002
300 ## - PHYSICAL DESCRIPTION
Extent 1020 p.
546 ## - LANGUAGE NOTE
Language note EN
650 ## - SUBJECT ADDED ENTRY--TOPICAL TERM
Topical term or geographic name as entry element Electronic apparatus and appliances
700 ## - ADDED ENTRY--PERSONAL NAME
Personal name Nashelsky, Louis
942 ## - ADDED ENTRY ELEMENTS (KOHA)
Koha item type Books
Holdings
Withdrawn status Lost status Source of classification or shelving scheme Damaged status Not for loan Home library Current library Date acquired Total Checkouts Full call number Barcode Checked out Date last seen Date checked out Price effective from Koha item type
    Dewey Decimal Classification     UMT Main Campus UMT Main Campus 2014-04-10 1 621.3815 BOY-E 25796 2020-03-24 2019-11-25 2019-11-25 2014-04-24 Books
Withdrawn   Dewey Decimal Classification Damaged Not For Loan UMT Main Campus UMT Main Campus 2014-06-19   621.3815 BOY-E 27986   2014-06-19   2014-06-19 Books
Withdrawn   Dewey Decimal Classification Damaged Not For Loan UMT Main Campus UMT Main Campus 2014-06-19   621.3815 BOY-E 27987   2014-06-19   2014-06-19 Books
    Dewey Decimal Classification     UMT Main Campus UMT Main Campus 2014-06-19 1 621.3815 BOY-E 27988 2020-01-03 2019-12-20 2019-12-20 2014-06-19 Books